000 00523nam a2200181Ia 4500
001 2318
005 20260306144758.0
008 260306t2013||||xx |||||||||||||| ||spa||
041 _aESP
082 _a616.8589
_bL88
100 _aLópez Soler, Concepción
_eAUT
245 0 _aTdah y trastornos del comportamiento en la infancia y la adolescencia:
_bclinica, diagnóstico, evaluación y tratamiento
260 _c2013
300 _a324 páginas :
_c24 cm.
650 _aGEN
654 _aCPS
942 _cLIB
_dJUS
_fJUS
_2ddc
_n
999 _c2318
_d2318